00421nam a22001697a 450000500170000001000150001702000260003203500140005803700090007208200110008110000180009224500460011025000060015626000500016230000200021250000190023220250718123240.0 aENG-146015 c295.00a9788176710640 aEN-129547 bDBAD a519.72 aSrinath, L.S. aApplied Linear Programming/cL.S. Srinath a1 bEast West Press Private Limited aIndIac2010 a348p.c25cm(pb) aIncludes Index